000 00665nam a22001937a 4500
005 20180718172310.0
010 _aENG-123520
020 _c369.00
_a9788192991702
035 _aEN-107052
037 _bDBAD/PUB
082 _a954.0840922
100 _aVasudevaraju,V.A.
245 _aFace to face with leaders /
_cby V.A.Vasudevaraju
_b
260 _aPondicherry
_bValli Publications
_c2014
270 _a5,Sixth Cross Street, Brindawan,
_bPondicherry
_e605013
300 _a137p.
_c22cm.(Pbk)
_bill.
500 _aInteractions of a lower middle class origin person from a village with national leaders /
942 _2ddc
_cEN
_h954.0840922
_mVAS
999 _c154307
_d154307